[Event "Tournament 14459 - Europe Echecs"]
[Site "Europe Echecs"]
[Date "2020.07.07"]
[Round "1"]
[Time "14:15:03"]
[PlyCount "64"]
[White "NormandPaulArt"]
[Black "PonzeveraElsa"]
[WhiteElo "1120"]
[BlackElo "799"]
[Mode "WEB"]
[Result "1-0"]

1. e4 d6 2. d4 Nf6 3. Nc3 Nbd7 4. Bg5 e5 5. dxe5 dxe5 6. Nf3 h6 7. Bxf6 Nxf6 8.
Qxd8+ Kxd8 9. O-O-O+ Ke8 10. Nxe5 Bd6 11. Nf3 Bg4 12. Bd3 Bf4+ 13. Kb1 Ke7 14.
h3 Bxf3 15. gxf3 Rhd8 16. Rhg1 Bh2 17. Rxg7 Rd6 18. e5 Nh5 19. exd6+ Kxd6 20.
Rg2 Be5 21. Bg6+ Ke6 22. Bxh5 Bxc3 23. bxc3 a5 24. Bg4+ f5 25. Re1+ Kf6 26. Bh5
b5 27. Rg6+ Kf7 28. Ra6+ Kg7 29. Rxa8 a4 30. Ra6 c5 31. Re7+ Kg8 32. Ra8# {PonzeveraElsa est échec et mat} 1-0

[Event "Tournament 14459 - Europe Echecs"]
[Site "Europe Echecs"]
[Date "2020.07.07"]
[Round "1"]
[Time "14:15:03"]
[PlyCount "73"]
[White "PotieEmilio"]
[Black "LimouzinSwann"]
[WhiteElo "799"]
[BlackElo "1117"]
[Mode "WEB"]
[Result "0-1"]

1. d4 d5 2. Bf4 Nc6 3. Nf3 Bf5 4. a3 Nf6 5. Nc3 e6 6. e3 Bd6 7. Bxd6 cxd6 8. Ng5
e5 9. dxe5 dxe5 10. f3 Bg6 11. Qe2 O-O 12. e4 d4 13. Nb5 a6 14. Qf2 a5 15. c3 h6
16. Nh3 Qd7 17. cxd4 Nxd4 18. Rd1 Qxb5 19. Bxb5 Rfd8 20. Qd2 Nxf3+ 21. gxf3 Rxd2
22. Rxd2 Rc8 23. O-O Rc5 24. Rd8+ Kh7 25. Bd3 Nh5 26. f4 exf4 27. Nxf4 Rg5+ 28.
Kf2 Nxf4 29. Bc4 Bxe4 30. Ke3 Bg2 31. Rxf4 f6 32. Bd3+ g6 33. Rxf6 h5 34. Kf4
Rc5 35. Bxg6+ Kh6 36. Rh8+ Kg7 {PotieEmilio a perdu au temps} 0-1

[Event "Tournament 14459 - Europe Echecs"]
[Site "Europe Echecs"]
[Date "2020.07.07"]
[Round "1"]
[Time "14:15:03"]
[PlyCount "117"]
[White "LegardeurAnton"]
[Black "RobertAlexandr"]
[WhiteElo "1115"]
[BlackElo "799"]
[Mode "WEB"]
[Result "0-1"]

1. e4 e5 2. Nf3 Nf6 3. Nxe5 d6 4. Nf3 Nxe4 5. Qe2 Qe7 6. d3 Nf6 7. Qxe7+ Bxe7 8.
Bf4 Nd5 9. Bg3 O-O 10. Nc3 Nxc3 11. bxc3 Re8 12. Be2 Nc6 13. O-O Bf6 14. d4 Bf5
15. Bd3 Bxd3 16. cxd3 b5 17. Rab1 a6 18. h3 Reb8 19. Rfe1 b4 20. cxb4 Nxb4 21.
Rbd1 Nxa2 22. Re2 Nc3 23. Rde1 Nxe2+ 24. Rxe2 Rb1+ 25. Kh2 Rb4 26. Re4 d5 27.
Rg4 h5 28. Rf4 Be7 29. Ne5 Bf6 30. Rf3 Rxd4 31. Nd7 Bh4 32. Ne5 Bxg3+ 33. Kxg3
h4+ 34. Kh2 a5 35. Rxf7 a4 36. Rxc7 a3 37. Rc1 a2 38. Ra1 Re8 39. Nf3 Ra4 40. g3
Rc8 41. Nd2 Rc1 42. Rxc1 a1=Q 43. Rxa1 Rxa1 44. gxh4 Ra8 45. Kg3 Ra2 46. Nb3 Ra3
47. Nc5 Rc3 48. Ne6 Rxd3+ 49. Kg4 Rd2 50. f4 Re2 51. Nc7 d4 52. Nb5 d3 53. Nc3
Rc2 54. Ne4 Rg2+ 55. Kh5 d2 56. Nc3 Rg3 57. Ne2 d1=Q 58. f5 Qxe2# {LegardeurAnton est échec et mat} 0-1

[Event "Tournament 14459 - Europe Echecs"]
[Site "Europe Echecs"]
[Date "2020.07.07"]
[Round "1"]
[Time "14:15:03"]
[PlyCount "85"]
[White "RossoTiziano"]
[Black "NeyAlexandreYl"]
[WhiteElo "799"]
[BlackElo "1115"]
[Mode "WEB"]
[Result "0-1"]

1. e4 e5 2. Nf3 Nc6 3. Nc3 Nf6 4. Bc4 Be7 5. Ng5 O-O 6. O-O d6 7. Qf3 Bg4 8. Qg3
Nd4 9. Qe3 Nxc2 10. Qd3 Nxa1 11. Nd5 Nxd5 12. Bxd5 Bxg5 13. Qb1 Nb3 14. axb3 c6
15. Bc4 b5 16. Bd3 d5 17. exd5 Qxd5 18. Bxh7+ Kh8 19. h3 Be6 20. b4 Rad8 21. d4
Qxd4 22. Bxg5 f6 23. Be3 Qxb4 24. Bxa7 Rd7 25. Be3 Rfd8 26. Rd1 Rxd1+ 27. Qxd1
Rxd1+ 28. Kh2 Qe1 29. Be4 Bxh3 30. Kxh3 Qh1+ 31. Kg3 Rd8 32. Bxc6 Kg8 33. Bxb5
Kf7 34. Bc4+ Kg6 35. Bd3+ Rxd3 36. Kf3 Qh5+ 37. Ke4 Rb3 38. Bc1 Qg4+ 39. Kd5
Qd4+ 40. Kc6 Rb6+ 41. Kc7 Qd6+ 42. Kc8 Rb8# {RossoTiziano est échec et mat} 0-1

[Event "Tournament 14459 - Europe Echecs"]
[Site "Europe Echecs"]
[Date "2020.07.07"]
[Round "1"]
[Time "14:15:03"]
[PlyCount "60"]
[White "CortadellasJul"]
[Black "SemetroudenkoA"]
[WhiteElo "1114"]
[BlackElo "799"]
[Mode "WEB"]
[Result "1-0"]

1. d4 d5 2. c4 dxc4 3. Nc3 Nf6 4. e4 Be6 5. d5 Bd7 6. Bxc4 e6 7. Bg5 Be7 8. Bxf6
Bxf6 9. dxe6 Bxe6 10. Qxd8+ Bxd8 11. Bxe6 fxe6 12. Nf3 O-O 13. O-O Bf6 14. e5
Be7 15. Rad1 Bb4 16. a3 Bxc3 17. bxc3 Nc6 18. Rb1 b6 19. Nd4 Nxd4 20. cxd4 a5
21. Rfc1 Rac8 22. Rc2 c5 23. dxc5 Rxc5 24. Rxc5 bxc5 25. h3 Rf5 26. Rb5 Rxe5 27.
Rxa5 c4 28. Rxe5 c3 29. Rxe6 c2 30. Rc6 {SemetroudenkoA a abandonné} 1-0

[Event "Tournament 14459 - Europe Echecs"]
[Site "Europe Echecs"]
[Date "2020.07.07"]
[Round "1"]
[Time "14:15:03"]
[PlyCount "35"]
[White "SevindikKaan"]
[Black "BourloisMael"]
[WhiteElo "799"]
[BlackElo "1113"]
[Mode "WEB"]
[Result "0-1"]

1. d4 d5 2. Nc3 Nf6 3. Bg5 c5 4. dxc5 e5 5. Bxf6 Qxf6 6. e3 Bxc5 7. Nxd5 Qg6 8.
e4 Qc6 9. Nc3 Qf6 10. Qd2 O-O 11. Qd5 Qxf2+ 12. Kd1 Qxf1+ 13. Kd2 Qxg2+ 14. Ke1
Qxh1 15. Rd1 Qxg1+ 16. Ke2 Qe3+ 17. Kf1 Qf2# {SevindikKaan est échec et mat} 0-1

[Event "Tournament 14459 - Europe Echecs"]
[Site "Europe Echecs"]
[Date "2020.07.07"]
[Round "1"]
[Time "14:15:03"]
[PlyCount "125"]
[White "BildsteinNolan"]
[Black "TureshbayevAno"]
[WhiteElo "1111"]
[BlackElo "799"]
[Mode "WEB"]
[Result "0-1"]

1. e4 c5 2. Nf3 d6 3. Nc3 Nc6 4. Bb5 Bg4 5. Bxc6+ bxc6 6. d3 e6 7. h3 Bh5 8. g4
Bg6 9. h4 h5 10. g5 Ne7 11. d4 cxd4 12. Nxd4 c5 13. Nf3 Nc6 14. Bd2 Be7 15. Qe2
O-O 16. a3 Qb6 17. b3 Rad8 18. Qb5 Qxb5 19. Nxb5 Bxe4 20. Ke2 Ne5 21. Nxe5 Bxh1
22. Rxh1 dxe5 23. Nxa7 Rd7 24. Nb5 Rfd8 25. Rd1 c4 26. bxc4 Ra8 27. Bc1 Rxd1 28.
Kxd1 Kh7 29. Kd2 Kg6 30. Ke3 Kf5 31. Kf3 e4+ 32. Kg3 Ke5 33. f4+ exf3 34. Kxf3
Kf5 35. Bb2 e5 36. Bc1 e4+ 37. Kg3 Bc5 38. c3 e3 39. Kf3 Re8 40. Nd4+ Bxd4 41.
cxd4 e2 42. Bd2 e1=Q 43. Bxe1 Rxe1 44. c5 Ra1 45. c6 Rxa3+ 46. Ke2 Rc3 47. d5
Ke5 48. d6 Kxd6 49. c7 Rxc7 50. Ke3 f6 51. g6 Rc4 52. Kd3 Kd5 53. Ke3 Rd4 54.
Kf3 Ke5 55. Kg3 Rf4 56. Kh3 Rg4 57. Kh2 Kf4 58. Kh1 Kf3 59. Kh2 Rg3 60. Kh1 Kf2
61. Kh2 Rg1 62. Kh3 Rh1# {BildsteinNolan est échec et mat} 0-1

[Event "Tournament 14459 - Europe Echecs"]
[Site "Europe Echecs"]
[Date "2020.07.07"]
[Round "2"]
[Time "14:43:03"]
[PlyCount "69"]
[White "SixRobert"]
[Black "BoulosPaul"]
[WhiteElo "1187"]
[BlackElo "1705"]
[Mode "WEB"]
[Result "0-1"]

1. e4 e5 2. Nf3 Nc6 3. Bc4 Bc5 4. O-O Nf6 5. d3 d6 6. h3 h6 7. Nc3 a6 8. Be3 Ba7
9. Bxa7 Rxa7 10. Re1 g5 11. Qd2 Nh5 12. Nd5 Nf4 13. Nxf4 gxf4 14. d4 Rg8 15. Kh1
Qf6 16. dxe5 dxe5 17. Bd5 Ne7 18. Rad1 Ng6 19. Qc3 c6 20. Bb3 Ra8 21. Rd2 Be6
22. Rd6 Rd8 23. Rxd8+ Kxd8 24. Rd1+ Ke8 25. Rd6 Qe7 26. Rd1 Nh4 27. Nxh4 Qxh4
28. Qf3 Bg4 29. Bxf7+ Kxf7 30. Qb3+ Ke7 31. Qb4+ Ke8 32. Rf1 Bxh3 33. Qe1 Bxg2+
34. Kg1 Bf3# {SixRobert est échec et mat} 0-1

[Event "Tournament 14459 - Europe Echecs"]
[Site "Europe Echecs"]
[Date "2020.07.07"]
[Round "2"]
[Time "14:43:03"]
[PlyCount "56"]
[White "BreuilVirgile"]
[Black "PleutMael"]
[WhiteElo "1622"]
[BlackElo "1191"]
[Mode "WEB"]
[Result "1-0"]

1. e4 e6 2. d4 d5 3. exd5 exd5 4. c4 dxc4 5. Bxc4 Nf6 6. Nc3 Bf5 7. Nf3 Bb4 8.
O-O O-O 9. Re1 c6 10. a3 Bxc3 11. bxc3 Nbd7 12. Bg5 Bg4 13. Be2 Bxf3 14. Bxf3
Qa5 15. Qb3 Qxg5 16. Qxb7 Rfe8 17. Bxc6 Rxe1+ 18. Rxe1 Re8 19. Rxe8+ Nxe8 20. g3
Ndf6 21. Qe7 Qc1+ 22. Kg2 Qxc3 23. Bxe8 Qc8 24. Bxf7+ Kh8 25. Be6 Qc6+ 26. d5
Qe8 27. d6 g6 28. Qxf6# {PleutMael est échec et mat} 1-0

[Event "Tournament 14459 - Europe Echecs"]
[Site "Europe Echecs"]
[Date "2020.07.07"]
[Round "2"]
[Time "14:43:03"]
[PlyCount "22"]
[White "AuribaultLouis"]
[Black "SamorukovBoris"]
[WhiteElo "1618"]
[BlackElo "1185"]
[Mode "WEB"]
[Result "1-0"]

1. e4 c5 2. Nf3 e6 3. b3 Nf6 4. e5 Ne4 5. d3 Ng5 6. Bxg5 Be7 7. Bxe7 Qxe7 8. Be2
Nc6 9. Nc3 O-O 10. O-O b6 11. Nb5 {SamorukovBoris a abandonné} 1-0

[Event "Tournament 14459 - Europe Echecs"]
[Site "Europe Echecs"]
[Date "2020.07.07"]
[Round "2"]
[Time "14:43:03"]
[PlyCount "86"]
[White "DevezeLeopold"]
[Black "KhantalinaIlar"]
[WhiteElo "1180"]
[BlackElo "1580"]
[Mode "WEB"]
[Result "1-0"]

1. d4 d5 2. Bf4 Nf6 3. e3 Nc6 4. c3 Bf5 5. Nd2 e6 6. Qb3 Bd6 7. Ngf3 Bxf4 8.
exf4 b6 9. Qa4 Qd7 10. Bb5 O-O 11. Bxc6 b5 12. Qxb5 a6 13. Bxd7 axb5 14. Bxb5
Rab8 15. Be2 Rxb2 16. O-O Bg4 17. Rfd1 Ne4 18. Kf1 Nxd2+ 19. Nxd2 Bxe2+ 20. Kxe2
Ra8 21. a4 h6 22. Rdb1 Rc2 23. Kd3 Rxd2+ 24. Kxd2 Kh7 25. Ke3 f6 26. a5 g5 27.
fxg5 fxg5 28. a6 g4 29. a7 h5 30. Rb8 Rxb8 31. axb8=Q c6 32. Qe8 h4 33. Qh5+ Kg7
34. Qxg4+ Kf7 35. Qxh4 Kg6 36. Ra8 Kf5 37. Rf8+ Kg6 38. Qg4+ Kh7 39. Qh5+ Kg7
40. Qf7+ Kh6 41. Rh8+ Kg5 42. Rg8+ Kh6 43. Qg6# {KhantalinaIlar est échec et mat} 1-0

[Event "Tournament 14459 - Europe Echecs"]
[Site "Europe Echecs"]
[Date "2020.07.07"]
[Round "2"]
[Time "14:43:03"]
[PlyCount "68"]
[White "VirgoNathan"]
[Black "LayadiYasmine"]
[WhiteElo "1560"]
[BlackElo "1180"]
[Mode "WEB"]
[Result "1-0"]

1. e4 e5 2. Nf3 Nc6 3. Bc4 Bc5 4. d3 Nf6 5. Nc3 d6 6. Bg5 Qe7 7. h3 Be6 8. Bxe6
Qxe6 9. Bxf6 Qxf6 10. Nd5 Qe6 11. Nxc7+ Kf8 12. Nxe6+ fxe6 13. c4 d5 14. exd5
exd5 15. cxd5 Bb4+ 16. Nd2 Nd4 17. Qg4 Nc2+ 18. Kd1 Nxa1 19. Qxb4+ Ke8 20. Qxb7
Rd8 21. Qxg7 Rf8 22. Qxe5+ Kd7 23. Qe6+ Kc7 24. Qe7+ Rd7 25. Qxf8 Rd8 26. Qe7+
Rd7 27. Qe5+ Rd6 28. Qg7+ Rd7 29. Qg3+ Rd6 30. Nc4 Kd7 31. Qxd6+ Kc8 32. Re1 Kb7
33. Re7+ Kc8 34. Qc7# {LayadiYasmine est échec et mat} 1-0

[Event "Tournament 14459 - Europe Echecs"]
[Site "Europe Echecs"]
[Date "2020.07.07"]
[Round "2"]
[Time "14:43:03"]
[PlyCount "83"]
[White "DupratNathanie"]
[Black "BonelliMaestra"]
[WhiteElo "1172"]
[BlackElo "1545"]
[Mode "WEB"]
[Result "0-1"]

1. e4 c5 2. Bc4 d6 3. Qh5 g6 4. Qd5 e6 5. Bb5+ Nd7 6. Bxd7+ Qxd7 7. Qd3 Bg7 8.
Nf3 b6 9. e5 dxe5 10. Qxd7+ Bxd7 11. Nc3 Ne7 12. O-O Bc6 13. Ng5 h6 14. Nge4 O-O
15. d3 f5 16. Ng3 Nd5 17. Nxd5 exd5 18. c4 dxc4 19. dxc4 e4 20. Bf4 Rfd8 21.
Rad1 g5 22. Rxd8+ Rxd8 23. Bc7 Rd7 24. Bxb6 axb6 25. Nxf5 Kh7 26. f3 exf3 27.
gxf3 Bxb2 28. f4 Bd4+ 29. Nxd4 cxd4 30. f5 Kg7 31. f6+ Kf7 32. h3 d3 33. Kf2 d2
34. Ke2 Ba4 35. a3 d1=Q+ 36. Rxd1 Bxd1+ 37. Ke3 Kxf6 38. Ke4 Bc2+ 39. Kf3 Rd3+
40. Kg4 Kg6 41. h4 h5# {DupratNathanie est échec et mat} 0-1

[Event "Tournament 14459 - Europe Echecs"]
[Site "Europe Echecs"]
[Date "2020.07.07"]
[Round "2"]
[Time "14:43:03"]
[PlyCount "97"]
[White "VerdierAnais"]
[Black "KhouryTheo"]
[WhiteElo "1159"]
[BlackElo "1465"]
[Mode "WEB"]
[Result "0-1"]

1. d4 Nf6 2. c4 c5 3. d5 e6 4. Nc3 exd5 5. cxd5 d6 6. e4 g6 7. Nf3 Bg7 8. Bg5
Nbd7 9. Bd3 a6 10. a4 O-O 11. O-O h6 12. Bf4 Qe7 13. Re1 Ne5 14. Nxe5 dxe5 15.
Be3 Bd7 16. Qd2 Rac8 17. b3 Kh7 18. Rac1 Qd6 19. Rc2 Rc7 20. Rec1 Rfc8 21. Na2
b5 22. axb5 axb5 23. Rc3 Ng4 24. h3 Nxe3 25. Qxe3 b4 26. R3c2 Bf6 27. Qf3 Kg7
28. Be2 Bg5 29. Rd1 Ra8 30. Ra1 Rca7 31. Rb2 f5 32. Bd3 Rf8 33. Qe2 f4 34. Rbb1
f3 35. gxf3 Bxh3 36. Kh2 Bc8 37. Rg1 Qd7 38. Rg4 Rf4 39. Rag1 h5 40. R4g3 Rh4+
41. Kg2 Bf4 42. Kf1 Bxg3 43. Rxg3 Rh1+ 44. Kg2 Ra1 45. Bb5 Qe7 46. Qd2 R7xa2 47.
Qe3 Qh4 48. Rh3 Qxh3# {VerdierAnais est échec et mat} 0-1

[Event "Tournament 14459 - Europe Echecs"]
[Site "Europe Echecs"]
[Date "2020.07.07"]
[Round "2"]
[Time "14:43:03"]
[PlyCount "58"]
[White "KouamNoe"]
[Black "DeGouyEdgar"]
[WhiteElo "1462"]
[BlackElo "1155"]
[Mode "WEB"]
[Result "1-0"]

1. e4 c5 2. Nc3 Nc6 3. g3 Nf6 4. Bg2 d6 5. d3 Bd7 6. f4 g6 7. Nf3 Bg7 8. O-O O-O
9. h3 Qc7 10. g4 Rad8 11. Qe1 Rfe8 12. Qh4 h6 13. f5 g5 14. Qg3 e6 15. h4 Nh7
16. hxg5 hxg5 17. Nxg5 Nxg5 18. Bxg5 Rc8 19. Bf4 e5 20. Be3 Qb6 21. Rab1 Nd4 22.
f6 Bh8 23. Rf2 Bc6 24. g5 Kf8 25. g6 fxg6 26. Qxg6 Re6 27. Bh6+ Bg7 28. Bxg7+
Kg8 29. f7# {DeGouyEdgar est échec et mat} 1-0

[Event "Tournament 14459 - Europe Echecs"]
[Site "Europe Echecs"]
[Date "2020.07.07"]
[Round "2"]
[Time "14:43:03"]
[PlyCount "48"]
[White "AymericElijah"]
[Black "RiegerLylian"]
[WhiteElo "1450"]
[BlackElo "1148"]
[Mode "WEB"]
[Result "1-0"]

1. e4 e5 2. Nf3 Nc6 3. Nc3 Bc5 4. Bc4 d6 5. d3 Bd7 6. h3 Nce7 7. a3 a5 8. O-O a4
9. Bg5 h6 10. Bd2 Ng6 11. Re1 c6 12. Be3 Nf6 13. Bxc5 dxc5 14. Ne2 b5 15. Ba2
O-O 16. Ng3 Qc7 17. Nf5 Bxf5 18. exf5 Ne7 19. Rxe5 Rad8 20. Qe2 Rfe8 21. Re1
Nfd5 22. Bxd5 cxd5 23. Rxe7 Rf8 24. Rxc7 {RiegerLylian a abandonné} 1-0

[Event "Tournament 14459 - Europe Echecs"]
[Site "Europe Echecs"]
[Date "2020.07.07"]
[Round "2"]
[Time "14:43:03"]
[PlyCount "87"]
[White "PalmierNathan"]
[Black "AboulasseSaad"]
[WhiteElo "1150"]
[BlackElo "1448"]
[Mode "WEB"]
[Result "0-1"]

1. e4 c5 2. Nc3 Nc6 3. Nf3 g6 4. Bc4 Bg7 5. Ng5 e6 6. O-O Qxg5 7. d4 Qd8 8. d5
Ne5 9. Bb3 h5 10. dxe6 dxe6 11. Qxd8+ Kxd8 12. Bg5+ Kc7 13. Bf4 b6 14. Nb5+ Kc6
15. Bxe5 Bxe5 16. Nc3 Nf6 17. Ba4+ Kc7 18. Nb5+ Kb8 19. c3 a6 20. Na3 Nxe4 21.
Bc6 Bb7 22. Bxe4 Bxe4 23. Rfe1 f5 24. Nc4 Bc7 25. f3 Bd5 26. Ne3 Bb7 27. Nc2 e5
28. c4 Ka7 29. Rad1 Rad8 30. Rxd8 Rxd8 31. a3 Rd2 32. Rc1 b5 33. cxb5 axb5 34.
b4 c4 35. Ne3 Rd3 36. Nf1 Rxa3 37. g3 Rxf3 38. Nd2 Bb6+ 39. Kg2 Rc3+ 40. Kh3
Rxc1 41. g4 Rc3+ 42. Kh4 fxg4 43. h3 Bd8# {PalmierNathan est échec et mat} 0-1

[Event "Tournament 14459 - Europe Echecs"]
[Site "Europe Echecs"]
[Date "2020.07.07"]
[Round "2"]
[Time "14:43:03"]
[PlyCount "30"]
[White "SabapatheeFlor"]
[Black "SpagnoloLouis"]
[WhiteElo "1444"]
[BlackElo "1141"]
[Mode "WEB"]
[Result "1-0"]

1. c4 e5 2. g3 Nc6 3. Bg2 f5 4. Nc3 Nf6 5. d3 Bc5 6. Bg5 O-O 7. Nd5 d6 8. Bxf6
gxf6 9. Nf3 e4 10. dxe4 fxe4 11. Nh4 Ne7 12. Bxe4 Nxd5 13. Qxd5+ Kh8 14. Qh5 Qe8
15. Qxh7# {SpagnoloLouis est échec et mat} 1-0

[Event "Tournament 14459 - Europe Echecs"]
[Site "Europe Echecs"]
[Date "2020.07.07"]
[Round "2"]
[Time "14:43:03"]
[PlyCount "119"]
[White "NegreEmilie"]
[Black "RodionovVadim"]
[WhiteElo "1438"]
[BlackElo "1134"]
[Mode "WEB"]
[Result "1/2-1/2"]

1. d4 d5 2. c4 c6 3. Nc3 Nf6 4. Nf3 e6 5. e3 Nbd7 6. Qc2 Be7 7. b3 b6 8. Bb2 Bb7
9. Bd3 Rc8 10. O-O h6 11. Rac1 O-O 12. Qb1 c5 13. e4 dxe4 14. Nxe4 Nxe4 15. Bxe4
Bxe4 16. Qxe4 Nf6 17. Qe2 cxd4 18. Bxd4 Qc7 19. Be5 Qb7 20. Rcd1 Rfd8 21. Bg3
Ne4 22. Be5 Bf6 23. Bxf6 Nxf6 24. Rd3 Qe4 25. Qxe4 Nxe4 26. Rfd1 Rxd3 27. Rxd3
Nc5 28. Rd2 a5 29. Kf1 Rc7 30. Rd6 Rb7 31. Ne5 f6 32. Nf3 e5 33. Ke2 Kf7 34. Ke3
Ke7 35. Rd1 Ke6 36. Ke2 Ne4 37. Ke3 f5 38. Nd2 Nxd2 39. Rxd2 Rd7 40. Rxd7 Kxd7
41. f3 g5 42. a3 Kc6 43. b4 axb4 44. axb4 Kd6 45. h3 Kc6 46. g4 f4+ 47. Ke4 Kd6
48. Kf5 b5 49. c5+ Kd5 50. c6 Kxc6 51. Kxe5 Kd7 52. Kf5 Kd6 53. Ke4 Ke6 54. Kd4
Kd6 55. Kc3 Ke5 56. Kd3 Kd5 57. Kc3 Ke5 58. Kd3 Kd5 59. Kc3 Ke5 {Nulle par répétition} 1/2-1/2

[Event "Tournament 14459 - Europe Echecs"]
[Site "Europe Echecs"]
[Date "2020.07.07"]
[Round "2"]
[Time "14:43:03"]
[PlyCount "118"]
[White "PonLeBrunGrego"]
[Black "CerclierLeo"]
[WhiteElo "1145"]
[BlackElo "1420"]
[Mode "WEB"]
[Result "1-0"]

1. e4 e5 2. f4 d6 3. Nf3 Nc6 4. d4 Bg4 5. Be3 Nf6 6. Nc3 Be7 7. d5 Nd4 8. Bxd4
exd4 9. Qxd4 Bxf3 10. gxf3 Qd7 11. Bb5 c6 12. Ba4 O-O 13. O-O-O b5 14. dxc6 Qxc6
15. Bxb5 Qb6 16. Qxb6 axb6 17. a3 g6 18. Nd5 Nxd5 19. Rxd5 f5 20. Bc4 Kg7 21.
Rg1 Kh8 22. Rf1 fxe4 23. fxe4 Rac8 24. Bb3 Rc5 25. c4 Rxd5 26. cxd5 Bg5 27. Kd2
Kg7 28. Kd3 Bxf4 29. Ke2 Bxh2 30. Rh1 Bg3 31. Kd3 Rf3+ 32. Kc4 h5 33. Bd1 Rf2
34. b3 Ra2 35. a4 Ra1 36. Rg1 Rc1+ 37. Kb5 Bf2 38. Rf1 Bc5 39. Be2 Rxf1 40. Bxf1
g5 41. b4 Bd4 42. Kc6 g4 43. Kxd6 g3 44. e5 h4 45. e6 Be3 46. e7 Bf4+ 47. Kd7 g2
48. Bxg2 Bg5 49. e8=Q b5 50. axb5 h3 51. Bxh3 Bd8 52. Qxd8 Kf7 53. Qe7+ Kg6 54.
Ke6 Kh6 55. Qh4+ Kg7 56. Qf6+ Kh7 57. Bf5+ Kg8 58. Qf7+ Kh8 59. Qf8# {CerclierLeo est échec et mat} 1-0

[Event "Tournament 14459 - Europe Echecs"]
[Site "Europe Echecs"]
[Date "2020.07.07"]
[Round "2"]
[Time "14:43:03"]
[PlyCount "115"]
[White "RequenaPaulin"]
[Black "AlfanoEmilie"]
[WhiteElo "1140"]
[BlackElo "1407"]
[Mode "WEB"]
[Result "0-1"]

1. e4 e5 2. Nf3 Nc6 3. Bc4 Bc5 4. Nc3 Nf6 5. d3 d6 6. h3 h6 7. O-O O-O 8. Be3
Bxe3 9. fxe3 Re8 10. Nd5 Nxd5 11. Bxd5 Be6 12. Bxe6 Rxe6 13. Re1 Qe7 14. Re2 Re8
15. Qd2 Qd7 16. Rae1 a6 17. d4 R6e7 18. d5 Nb8 19. Qb4 Qc8 20. c4 Nd7 21. Qa4
Nc5 22. Qc2 a5 23. a3 a4 24. b4 axb3 25. Qb2 Nd3 26. Qxb3 Nxe1 27. Rxe1 b6 28.
Nh4 g6 29. Nxg6 fxg6 30. Rf1 Rf8 31. Rxf8+ Qxf8 32. Kh2 Qf6 33. a4 Rg7 34. a5
bxa5 35. Qb8+ Kh7 36. Qb5 g5 37. Qxa5 Qg6 38. Qe1 Qxe4 39. Qf2 g4 40. g3 gxh3
41. Kxh3 Qg4+ 42. Kh2 e4 43. Kg2 Qf3+ 44. Qxf3 exf3+ 45. Kxf3 Rf7+ 46. Kg4 Kg6
47. e4 h5+ 48. Kh4 Re7 49. g4 Rxe4 50. c5 hxg4 51. cxd6 cxd6 52. Kg3 Kg5 53. Kg2
Kf4 54. Kh2 g3+ 55. Kg2 Kg4 56. Kg1 Kf3 57. Kh1 Re1# {RequenaPaulin est échec et mat} 0-1

[Event "Tournament 14459 - Europe Echecs"]
[Site "Europe Echecs"]
[Date "2020.07.07"]
[Round "2"]
[Time "14:43:03"]
[PlyCount "114"]
[White "RachidNatalia"]
[Black "BarbaggiSasha"]
[WhiteElo "1131"]
[BlackElo "1375"]
[Mode "WEB"]
[Result "1-0"]

1. e4 e6 2. d4 d5 3. exd5 exd5 4. Nf3 Nf6 5. Nc3 Nc6 6. Bd3 Bd6 7. O-O O-O 8.
Bg5 h6 9. Bh4 Bg4 10. Nxd5 Bxf3 11. Qxf3 Nxd4 12. Nxf6+ Qxf6 13. Bxf6 Nxf3+ 14.
gxf3 gxf6 15. Kh1 Kh8 16. Rg1 Rg8 17. Rg4 Rae8 18. Rag1 h5 19. Rh4 Rxg1+ 20.
Kxg1 Re1+ 21. Kg2 Re5 22. f4 Ra5 23. a3 Kg7 24. b4 Rd5 25. Be4 Rd4 26. Bxb7 Kh6
27. Bf3 Rxf4 28. Rxh5+ Kg6 29. Rh3 Rc4 30. Bh5+ Kg5 31. Bxf7 Rxc2 32. Rh5+ Kg4
33. h3+ Kf4 34. Rh4+ Kg5 35. Rg4+ Kf5 36. Bg6+ Ke6 37. Bxc2 f5 38. Rg6+ Ke5 39.
Rg5 Be7 40. Rxf5+ Kd4 41. Rf7 Bd6 42. f4 Kc3 43. f5 Kxc2 44. f6 Be5 45. Rf8 Bxf6
46. Rxf6 Kb3 47. h4 Kxa3 48. h5 Kxb4 49. h6 a5 50. h7 a4 51. h8=Q a3 52. Rf7 a2
53. Rxc7 a1=Q 54. Qxa1 Kb5 55. Qb1+ Ka6 56. Rc2 Ka5 57. Ra2# {BarbaggiSasha est échec et mat} 1-0

[Event "Tournament 14459 - Europe Echecs"]
[Site "Europe Echecs"]
[Date "2020.07.07"]
[Round "2"]
[Time "14:43:03"]
[PlyCount "60"]
[White "YastrebovAndre"]
[Black "NunesSoubeyran"]
[WhiteElo "1370"]
[BlackElo "1130"]
[Mode "WEB"]
[Result "1-0"]

1. d4 d5 2. c4 e6 3. Nf3 Nf6 4. g3 Be7 5. Bg2 O-O 6. O-O b6 7. Nc3 Bb7 8. Ne5 c6
9. cxd5 c5 10. dxc5 bxc5 11. dxe6 Bxg2 12. exf7+ Kh8 13. Kxg2 Qc8 14. Bg5 Qb7+
15. Kg1 Nh5 16. Bxe7 Qxe7 17. Qd5 Rd8 18. Qxa8 Qxe5 19. Qf3 Rf8 20. Rad1 Qf6 21.
Qxf6 gxf6 22. Rd5 Ng7 23. Rfd1 h6 24. Rd8 Rxd8 25. Rxd8+ Kh7 26. f8=Q Ne6 27.
Qf7+ Ng7 28. Rxb8 h5 29. Rb7 Kh6 30. Qxg7# {NunesSoubeyran est échec et mat} 1-0

[Event "Tournament 14459 - Europe Echecs"]
[Site "Europe Echecs"]
[Date "2020.07.07"]
[Round "2"]
[Time "14:43:03"]
[PlyCount "77"]
[White "CotterchioJade"]
[Black "SayahHobonNoah"]
[WhiteElo "1130"]
[BlackElo "1364"]
[Mode "WEB"]
[Result "0-1"]

1. e4 e5 2. Nf3 Nc6 3. Bc4 Nd4 4. Nxd4 exd4 5. c3 dxc3 6. Nxc3 Nf6 7. e5 Qe7 8.
Qe2 Ng8 9. Nd5 Qc5 10. b4 Qc6 11. b5 Qc5 12. d4 Qxd4 13. Nxc7+ Kd8 14. Nxa8 Qxa1
15. O-O Qd4 16. Be3 Qh4 17. g3 Qe7 18. b6 a6 19. Nc7 Qxe5 20. f4 Qf6 21. Qd1 Qc3
22. Bb3 Qxe3+ 23. Kg2 Qxb6 24. Nd5 Qg6 25. Qd4 Ne7 26. Qb6+ Qxb6 27. Nxb6 Kc7
28. Nxc8 Nxc8 29. Bxf7 Bc5 30. Rc1 Kb6 31. a4 Rf8 32. Bd5 Ne7 33. a5+ Kb5 34.
Bxb7 Nc6 35. Bxc6+ dxc6 36. Rb1+ Kxa5 37. Ra1+ Kb6 38. Rb1+ Kc7 {CotterchioJade a abandonné} 0-1

[Event "Tournament 14459 - Europe Echecs"]
[Site "Europe Echecs"]
[Date "2020.07.07"]
[Round "2"]
[Time "14:43:03"]
[PlyCount "45"]
[White "KiyendeLibataE"]
[Black "FischlerInes"]
[WhiteElo "1360"]
[BlackElo "1129"]
[Mode "WEB"]
[Result "0-1"]

1. e4 e5 2. Nf3 Nc6 3. Bb5 a6 4. Bxc6 dxc6 5. Nc3 Bg4 6. d4 Bxf3 7. gxf3 exd4 8.
Ne2 Bc5 9. c3 dxc3 10. Qxd8+ Rxd8 11. Nxc3 Ne7 12. Bd2 Bxf2+ 13. Kxf2 Rxd2+ 14.
Ne2 Rxb2 15. Rhe1 O-O 16. Kg1 Rd8 17. Ng3 Rdd2 18. a4 Rg2+ 19. Kh1 Rxh2+ 20. Kg1
Rhg2+ 21. Kh1 Rxg3 22. Rg1 Rh3# {KiyendeLibataE est échec et mat} 0-1

[Event "Tournament 14459 - Europe Echecs"]
[Site "Europe Echecs"]
[Date "2020.07.07"]
[Round "2"]
[Time "14:43:03"]
[PlyCount "113"]
[White "DinoniAttaliMy"]
[Black "GalimovIskanda"]
[WhiteElo "1129"]
[BlackElo "1358"]
[Mode "WEB"]
[Result "0-1"]

1. d4 d5 2. c4 e6 3. Nc3 Nf6 4. Nf3 Be7 5. Bf4 O-O 6. e3 a6 7. Bd3 Nbd7 8. O-O
h6 9. cxd5 exd5 10. Ne5 c6 11. Rc1 Re8 12. e4 dxe4 13. Nxe4 Nxe4 14. Bxe4 Nf6
15. Bd3 Rf8 16. Re1 Kh8 17. Bg6 Kg8 18. Bd3 Be6 19. Bg3 Re8 20. Qc2 Qxd4 21.
Rcd1 Qb6 22. b3 Bb4 23. Re2 Rad8 24. Kh1 Nh5 25. Bh7+ Kh8 26. Rxd8 Nxg3+ 27.
hxg3 Qxd8 28. Kh2 Qf6 29. f4 Bd6 30. Rd2 Bxe5 31. fxe5 Qxe5 32. Be4 Qh5+ 33. Kg1
Qe5 34. Qd3 Qa1+ 35. Kh2 g6 36. Rd1 Qf6 37. Rf1 Qe7 38. Rd1 Kg8 39. Re1 Qf6 40.
Rf1 Qe7 41. Re1 Qd8 42. Rf1 Qxd3 43. Bxd3 Kg7 44. Rd1 Rd8 45. Rd2 Bf5 46. Bxf5
Rxd2 47. Bc8 Rxa2 48. Bxb7 c5 49. b4 cxb4 50. Kh3 b3 51. Kh2 b2 52. Kg1 b1=Q+
53. Kh2 Qxb7 54. Kh3 Qxg2+ 55. Kh4 Ra4+ 56. g4 Rxg4# {DinoniAttaliMy est échec et mat} 0-1